| 000 | 00586 a2200157 4500 | ||
|---|---|---|---|
| 003 | Nust | ||
| 005 | 20221221110722.0 | ||
| 040 | _cNust | ||
| 082 | _a180, TOM | ||
| 100 |
_aE.W.F. Tomlin _9105491 |
||
| 245 |
_aThe Great philosophers the Eastern World _cE.W.F.tomlin |
||
| 260 |
_alondon _bSkeffington _c1952 |
||
| 300 | _a299 p.; | ||
| 505 | _aIntroduction (Page-15), The Egyptians (Page-23), Babylonia and Israel (Page-74), Zoroaster (Page-120), Hinduism (Page-138), The Buddha (Page-175), The Chinese Sages (Page-230), Mohammed (Page-258), Conclusion (Page-274). | ||
| 942 |
_2ddc _cBK |
||
| 999 |
_c193868 _d193868 |
||